| 000 | 00594nam a22001697a 4500 | ||
|---|---|---|---|
| 005 | 20251108175706.0 | ||
| 008 | 250721s2019 xx 000 0 ara d | ||
| 082 | 1 | 4 | _a651.3/شحا |
| 100 | 1 | _aأبو شحادة، عامر عبد الكريم | |
| 245 | 1 | 0 | _aإدارة المكاتب و السكرتاريا - إدارة الأعمال المكتبية / |
| 264 | 1 |
_aعمان : _bدار ابن النفيس للنشر و التوزيع، _c2019. |
|
| 300 | _a156ص. | ||
| 650 | 1 | 7 | _aادارة المكاتب |
| 650 | 1 | 7 | _aخدمات المكاتب |
| 942 |
_2ddc _cBK |
||
| 999 |
_c140106 _d140106 |
||